| 000 | 00430nam a2200169Ia 4500 | ||
|---|---|---|---|
| 001 | 19384 | ||
| 008 | 140407s9999 xx 000 0 und d | ||
| 020 | _a0-07-881909-1 | ||
| 040 | _cPK-LaUMT | ||
| 082 |
_a NOVELL _bSHE-N |
||
| 100 | _aTom Sheldon | ||
| 245 |
_aNovell Net Ware 4: _bThe Complete reference _cTom Sheldon |
||
| 260 |
_aBereley,USA: _bOsborne McGraw-Hill, _c1993 |
||
| 300 | _a920 p. | ||
| 546 | _aEN | ||
| 942 | _cBK | ||
| 999 |
_c19762 _d19762 |
||